000 01171naa a22002897a 4500
001 BR7903223
003 BR-BrBNA
005 20240918174406.0
007 ta
008 230509b bl.||||| |||| 00| 0 por d
040 _aBR-BrBNA
_bpor
_cBiblioteca Nacional de Agricultura
041 _a(Pt)
072 _aH10
_b0336
_b4010
090 _aH10 BR7903223
100 1 _aDegaspari, N.
100 1 _aGomez, S.A.
111 1 _a3. Reuniao de Pesquisa de Soja. Regiao Centro
_cDourados, MS (Brazil)
_d3 Jul 1979
245 1 _aManejo de pragas na cultura da soja no Estado de Mato Grosso do Sul [Glycine max, Brasil]
260 3 _aDourados, MS (Brasil):
_c1979.
500 _aResultados de pesquisa com soja na Unidade de Execucao de Pesquisa de Ambito Estadual de Dourados, 1978/79 Dourados, MS (Brasil): 1979. p. 164-168 (BR7903223-AM)H10
650 _aPRAGA DE PLANTA
650 _aSOJA
650 _aMATO GROSSO DO SUL
773 0 _tResultados de pesquisa com soja na Unidade de Execucao de Pesquisa de Ambito Estadual de Dourados, 1978/79
_wH10 BR7903223
_gDourados, MS (Brasil), 1979. p. 164-168
909 _a202404
_bLucia
_c55
_dLucia Elande
942 _cAM
_2AGRIS
999 _c310947
_d310947